|
|
|
|
| LEADER |
01440nam a2200325 a 4500 |
| 001 |
13891 |
| 003 |
BD-DhAAL |
| 008 |
090408s20051980ii a b 001 0 eng d |
| 999 |
|
|
|c 116
|d 116
|
| 010 |
|
|
|a 79022696
|
| 020 |
|
|
|a 8120306538
|
| 040 |
|
|
|a DLC
|c DLC
|d m.c.
|d ORE
|d BD-DhAAL
|
| 082 |
|
|
|a 610.28
|2 20
|
| 100 |
1 |
|
|a Cromwell, Leslie.
|9 41293
|
| 245 |
1 |
0 |
|a Biomedical instrumentation and measurements /
|c Leslie Cromwell, Fred J. Weibell, Erich A. Pfeiffer.
|
| 250 |
|
|
|a Second edition
|
| 260 |
|
|
|a New Jersey :
|b Prentice-Hall ;
|a New Delhi :
|b Prentice-Hall,
|c 2005 (reprinted).
|
| 300 |
|
|
|a xvi, 510 pages :
|b illustrations ;
|c 24 cm.
|
| 504 |
|
|
|a Includes bibliographical references (pages 481-492) and index.
|
| 541 |
1 |
|
|e 13891, 13892
|
| 650 |
|
0 |
|a Biomedical engineering.
|9 41294
|
| 650 |
|
0 |
|a Medical instruments and apparatus.
|9 41295
|
| 650 |
|
0 |
|a Physiological apparatus.
|9 41296
|
| 650 |
|
2 |
|a Biomedical engineering
|x Instrumentation.
|9 41297
|
| 700 |
1 |
|
|a Weibell, Fred J.
|9 41298
|
| 700 |
1 |
|
|a Pfeiffer, Erich A.
|9 41299
|
| 852 |
|
|
|a Ayesha Abed Library
|j General Stacks
|
| 942 |
|
|
|2 ddc
|c BK
|
| 952 |
|
|
|0 0
|1 0
|2 ddc
|4 0
|6 610_280000000000000_CRO_2005
|7 0
|9 8628
|a BRACUL
|b BRACUL
|c GEN
|d 2010-03-16
|l 2
|m 2
|o 610.28 CRO
|p 3010013891
|r 2022-11-17
|s 2022-10-27
|t 1
|w 2010-03-16
|y BK
|
| 952 |
|
|
|0 0
|1 0
|2 ddc
|4 0
|6 610_280000000000000_CRO_2005
|7 0
|9 8629
|a BRACUL
|b BRACUL
|c GEN
|d 2010-03-16
|l 1
|m 2
|o 610.28 CRO
|p 3010013892
|r 2012-01-15
|s 2011-12-27
|t 2
|w 2010-03-16
|y BK
|